000
00307nam a22001217a 4500
008
230619b xxu||||| |||| 00| 0 eng d
082
_a
178.8
_b
INC
100
_c
UN
245
_a
Bulletin On Narcotics
_b
The environmenetal impact of drug abuse
260
_a
Switzerland
_b
UN
300
_a
53p
942
_2
ddc
_c
BK
999
_c
1190
_d
1190